000
00293nam a2200121Ia 4500
008
191201s1982 xx 000 0 und d
100
_a
RYSSEL,H
245
0
_a
Ion Implantation Techniques
260
_a
New York
_b
Springer, India
_c
1982
300
_a
372
650
_a
B.Tech(ECE)
942
_2
ddc
_c
BK
999
_c
658
_d
658